[Event "Landesliga Nord 0506"]
[Site "Bayern"]
[Date "2005.10.23"]
[Round "1.5"]
[White "Janda, Pavel"]
[Black "Spitzl, Bertram"]
[Result "0-1"]
[WhiteElo "2020"]
[BlackElo "2126"]
[PlyCount "68"]
[EventDate "2005.10.23"]
[EventType "team"]
[EventRounds "9"]
[EventCountry "GER"]
[SourceTitle "EXT 2007"]
[Source "ChessBase"]
[SourceDate "2006.11.23"]
[SourceVersion "1"]
[SourceVersionDate "2006.11.23"]
[SourceQuality "1"]

1. c4 Nf6 2. Nc3 d5 3. cxd5 Nxd5 4. g3 Nb6 5. Bg2 g6 6. Nf3 Bg7 7. 0-0 0-0 8. d3 Nc6 9. Be3 h6 10. Qd2 Kh7 11. Rac1 e5 12. Rfd1 Nd4 13. b3 c6 14. Qb2 Bg4 15. Ne1 Nd5 16. Nxd5 Nxe2+ 17. Kf1 e4 18. d4 Nxc1 19. Rxc1 cxd5 20. Rc5 b6 21. Rc3 Qd7 22. Kg1 Rfc8 23. Bf1 Rxc3 24. Qxc3 Rc8 25. Qb4 Bf8 26. Qd2 a5 27. Qb2 b5 28. f3 Bxf3 29. Nxf3 exf3 30. Bd3 b4 31. Qd2 Bg7 32. Bf1 Rc3 33. Bd3 Kg8 34. Bb1 Rxe3 0-1

[Event "Landesliga Nord 0405"]
[Site "Bayern"]
[Date "2005.04.10"]
[Round "9.5"]
[White "Meulner, Klaus"]
[Black "Spitzl, Bertram"]
[Result "0-1"]
[WhiteElo "2123"]
[BlackElo "2127"]
[PlyCount "102"]
[EventDate "2004.10.24"]
[EventType "team-tourn"]
[EventRounds "9"]
[EventCountry "GER"]
[SourceTitle "EXT 2008"]
[Source "ChessBase"]
[SourceDate "2007.11.25"]
[SourceVersion "1"]
[SourceVersionDate "2007.11.25"]
[SourceQuality "1"]
[WhiteTeam "Nuernberg Sued SW"]
[BlackTeam "Bindlach II"]
[WhiteTeamCountry "GER"]
[BlackTeamCountry "GER"]

1. d4 Nf6 2. Bg5 d5 3. Nd2 Bf5 4. Bxf6 gxf6 5. e3 c5 6. dxc5 Qa5 7. Bd3 Bg6 8. Ngf3 Qxc5 9. 0-0 Nc6 10. Nb3 Qd6 11. Qe2 Bg7 12. Rfd1 Bxd3 13. Qxd3 Rd8 14. Qb5 0-0 15. Qxb7 Rd7 16. Qa6 f5 17. c4 Bxb2 18. Rab1 Qf6 19. cxd5 Rfd8 20. Nc5 Rxd5 21. Rxd5 Rxd5 22. Nd3 Ba1 23. Nf4 Rd8 24. Qb5 Ne5 25. Nd4 Bxd4 26. exd4 Ng6 27. Nxg6 hxg6 28. d5 Qd4 29. g3 f4 30. Qe2 Qf6 31. Re1 Rd7 32. Qc4 Kg7 33. gxf4 Rb7 34. Qe4 Rb2 35. a4 Kf8 36. d6 exd6 37. Qa8+ Kg7 38. Re8 Qxf4 39. Rg8+ Kh6 40. Rh8+ Kg5 41. h4+ Kg4 42. Qg2+ Kf5 43. Qd5+ Kf6 44. Qg5+ Qxg5+ 45. hxg5+ Kxg5 46. Ra8 Rb7 47. a5 Rd7 48. Kf1 d5 49. Ke2 Kf4 50. a6 f5 51. Kd3 d4 0-1

[Event "Landesliga Nord 0405"]
[Site "Bayern"]
[Date "2005.03.13"]
[Round "8.5"]
[White "Spitzl, Bertram"]
[Black "Sargin, Anatol"]
[Result "0-1"]
[WhiteElo "2127"]
[BlackElo "2089"]
[PlyCount "120"]
[EventDate "2004.10.24"]
[EventType "team-tourn"]
[EventRounds "9"]
[EventCountry "GER"]
[SourceTitle "EXT 2008"]
[Source "ChessBase"]
[SourceDate "2007.11.25"]
[SourceVersion "1"]
[SourceVersionDate "2007.11.25"]
[SourceQuality "1"]
[WhiteTeam "Bindlach II"]
[BlackTeam "Nuernberg NT II"]
[WhiteTeamCountry "GER"]
[BlackTeamCountry "GER"]

1. b3 d5 2. Bb2 Nf6 3. Nf3 c6 4. d3 Bg4 5. Nbd2 Nbd7 6. h3 Bh5 7. g4 Bg6 8. c4 e6 9. Nh4 Bc5 10. a3 Qe7 11. Bg2 Rd8 12. b4 Bd6 13. Nxg6 hxg6 14. Qb3 Be5 15. Bxe5 Nxe5 16. cxd5 Nxd5 17. d4 Nf4 18. Be4 Rxd4 19. Qe3 Qf6 20. g5 Rxe4 21. gxf6 Ng2+ 22. Kf1 Nxe3+ 23. fxe3 Reh4 24. fxg7 Rg8 25. Nf3 Nxf3 26. exf3 Rxg7 27. Rc1 Rgh7 28. Kg2 R7h5 29. Kg3 a6 30. f4 Ke7 31. Rc3 Rh8 32. Rd3 R4h5 33. e4 Rd8 34. Re3 Rd2 35. Rc1 Rh8 36. h4 Rhd8 37. Rcc3 Rb2 38. f5 Rdd2 39. fxg6 Rg2+ 40. Kf4 Rxg6 41. Rh3 Rbg2 42. Rc5 Rf2+ 43. Ke3 Rgg2 44. Rc3 e5 45. Kd3 Kd6 46. Rc1 Ra2 47. Rd1 b5 48. Ke3+ Ke6 49. Kf3 Raf2+ 50. Ke3 Rh2 51. Rh1 Rxh3+ 52. Rxh3 Ra2 53. Rf3 Rh2 54. Rg3 Rxh4 55. Kf3 Rh6 56. Kf2 f5 57. exf5+ Kxf5 58. Ke3 Rh2 59. Rf3+ Ke6 60. Ke4 Re2+ 0-1

[Event "Landesliga Nord 0405"]
[Site "Bayern"]
[Date "2004.12.12"]
[Round "4.6"]
[White "Spitzl, Bertram"]
[Black "Wilfert, Andre"]
[Result "1-0"]
[WhiteElo "2127"]
[BlackElo "1964"]
[PlyCount "65"]
[EventDate "2004.10.24"]
[EventType "team-tourn"]
[EventRounds "9"]
[EventCountry "GER"]
[SourceTitle "EXT 2008"]
[Source "ChessBase"]
[SourceDate "2007.11.25"]
[SourceVersion "1"]
[SourceVersionDate "2007.11.25"]
[SourceQuality "1"]
[WhiteTeam "Bindlach II"]
[BlackTeam "Marktleuthen"]
[WhiteTeamCountry "GER"]
[BlackTeamCountry "GER"]

1. b3 d5 2. Bb2 Nf6 3. e3 Bf5 4. Nf3 e6 5. Be2 c6 6. Nh4 Bg6 7. Nxg6 hxg6 8. d3 Bb4+ 9. Nd2 Qa5 10. a3 Bd6 11. c4 Nbd7 12. b4 Qc7 13. c5 Rxh2 14. Rxh2 Bxh2 15. Nf3 Ke7 16. Kd2 Be5 17. Nxe5 Nxe5 18. Qh1 Ned7 19. Qh4 a5 20. g4 b6 21. g5 Ne8 22. cxb6 Qxb6 23. Bd4 c5 24. bxc5 Nxc5 25. Bd1 Nb3+ 26. Bxb3 Qxb3 27. Rc1 Kd7 28. Qf4 Qxa3 29. Bc5 Qb2+ 30. Rc2 Qb5 31. Qxf7+ Kc6 32. Bd4+ Kd6 33. Be5+ 1-0

[Event "Landesliga Nord 0304"]
[Site "Bayern"]
[Date "2004.04.25"]
[Round "9.2"]
[White "Ksieski, Zbigniew"]
[Black "Spitzl, Bertram"]
[Result "1-0"]
[WhiteElo "2354"]
[BlackElo "2126"]
[PlyCount "117"]
[EventDate "2003.10.??"]
[EventType "team"]
[EventRounds "9"]
[EventCountry "GER"]
[SourceTitle "EXT 2006"]
[Source "ChessBase"]
[SourceDate "2005.11.24"]
[SourceVersion "1"]
[SourceVersionDate "2005.11.24"]
[SourceQuality "1"]
[WhiteTeam "Sailauf"]
[BlackTeam "Bindlach"]
[WhiteTeamCountry "GER"]
[BlackTeamCountry "GER"]

1. c4 Nf6 2. Nf3 g6 3. Nc3 Bg7 4. e4 d6 5. d4 0-0 6. h3 c5 7. d5 e5 8. Bg5 h6 9. Be3 Na6 10. Qd2 Kh7 11. g4 Ng8 12. Bd3 Nc7 13. a3 Bd7 14. b4 b6 15. Rb1 Qc8 16. Rg1 Ne8 17. Nh2 Qd8 18. Rb3 Ne7 19. Nf1 Rh8 20. h4 Qc8 21. f3 Nf6 22. Be2 h5 23. g5 Ne8 24. bxc5 bxc5 25. Qb2 Nc7 26. Nd2 f5 27. gxf6 Bxf6 28. Bg5 Bxg5 29. hxg5 Rb8 30. f4 Rxb3 31. Nxb3 exf4 32. e5 Nf5 33. Ne4 Ne8 34. exd6 Nfxd6 35. Nexc5 Bf5 36. Qd4 Ng7 37. Qxf4 Qd8 38. Nd2 Re8 39. Ncb3 Ne4 40. Rg2 Nc3 41. Nd4 Bg4 42. Rxg4 hxg4 43. Qxg4 Nxe2 44. Nxe2 Qe7 45. d6 Qe5 46. d7 Qa1+ 47. Kf2 Rf8+ 48. Kg2 Qe1 49. Ne4 Nh5 50. Nf6+ Nxf6 51. gxf6 Rxf6 52. Qh3+ Kg7 53. Qe3 Qf1+ 54. Kg3 Qe1+ 55. Kg4 g5 56. Qe7+ Rf7 57. Qxg5+ Kh7 58. Qh5+ Kg7 59. Qe5+ 1-0

[Event "Bayern-chI Bank Hofmann 6th"]
[Site "Bad Wiessee"]
[Date "2002.10.27"]
[Round "2"]
[White "Spitzl, Bertram"]
[Black "Solomunovic, Igor"]
[Result "1/2-1/2"]
[WhiteElo "2158"]
[BlackElo "2429"]
[PlyCount "68"]
[EventDate "2002.10.26"]
[EventType "swiss"]
[EventRounds "9"]
[EventCountry "GER"]
[SourceTitle "EXT 2003"]
[Source "ChessBase"]
[SourceDate "2002.11.25"]
[SourceVersion "1"]
[SourceVersionDate "2002.11.25"]
[SourceQuality "1"]

1. Nf3 Nf6 2. g3 g6 3. Bg2 Bg7 4. 0-0 0-0 5. d4 d5 6. c4 dxc4 7. Na3 c3 8. bxc3 c5 9. Ne5 Nc6 10. Nxc6 bxc6 11. Qa4 cxd4 12. cxd4 Bd7 13. Qa6 Nd5 14. e3 Nb4 15. Qc4 a5 16. Bd2 e5 17. Bxb4 axb4 18. Nc2 exd4 19. Nxd4 Qb6 20. Rfc1 Rfc8 21. Rab1 Bf8 22. Rc2 Ra6 23. Rbc1 c5 24. Nb3 Bb5 25. Qg4 f5 26. Bd5+ Kg7 27. Qf3 Ra7 28. h4 Rac7 29. Nd2 Bd3 30. Nc4 Qf6 31. Rd2 Bxc4 32. Bxc4 Rd8 33. Rcd1 Rxd2 34. Rxd2 Be7 1/2-1/2

[Event "Regionalliga NW 0102"]
[Site "Bayern"]
[Date "2002.02.24"]
[Round "6.2"]
[White "Spitzl, Bertram"]
[Black "Sterk, Joachim"]
[Result "1-0"]
[WhiteElo "2155"]
[BlackElo "2000"]
[PlyCount "161"]
[EventDate "2001.10.07"]
[EventType "team-tourn"]
[EventRounds "9"]
[EventCountry "GER"]
[SourceTitle "EXT 2003"]
[Source "ChessBase"]
[SourceDate "2002.11.25"]
[SourceVersion "1"]
[SourceVersionDate "2002.11.25"]
[SourceQuality "1"]
[WhiteTeam "Bindlach II"]
[BlackTeam "Obernburg"]
[WhiteTeamCountry "GER"]
[BlackTeamCountry "GER"]

1. g3 c5 2. Nf3 Nc6 3. d4 cxd4 4. Nxd4 Nxd4 5. Qxd4 Nf6 6. Bg2 g6 7. 0-0 Bg7 8. Qb4 0-0 9. Na3 d6 10. Be3 a5 11. Qd2 Be6 12. Rfd1 Qd7 13. c4 Qa4 14. Qc1 Qb4 15. b3 Ng4 16. Nc2 Qc3 17. Bd4 Bxd4 18. Nxd4 Qxc1 19. Raxc1 Bc8 20. a3 Rd8 21. Nb5 Nf6 22. Nc7 Rb8 23. Nd5 Nxd5 24. cxd5 Kf8 25. Rc7 Ke8 26. e4 Bd7 27. f3 Rdc8 28. Rdc1 Kd8 29. Rxc8+ Rxc8 30. Rxc8+ Bxc8 31. Kf2 Kc7 32. Ke3 Kb6 33. Kd4 Bd7 34. h3 f6 35. f4 Kc7 36. Bf1 b6 37. Bg2 h6 38. Bf1 g5 39. Bg2 Be8 40. Bf3 Bd7 41. h4 gxh4 42. gxh4 b5 43. b4 axb4 44. axb4 Kd8 45. Bh5 Bh3 46. Bf7 Bf1 47. Ke3 Bh3 48. Kf3 f5 49. Kg3 Bg4 50. Bg6 h5 51. exf5 Kd7 52. f6 exf6 53. Bd3 f5 54. Bxb5+ Kc7 55. Kf2 Kb6 56. Be8 Bd1 57. Ke3 Bg4 58. Ba4 Ka6 59. Kd4 Kb6 60. Bd7 Bh3 61. Kc4 Bf1+ 62. Kc3 Bh3 63. Ba4 Bg4 64. Bc2 Kb5 65. Bd3+ Kb6 66. Kd4 Kc7 67. Kc4 Kb6 68. Kc3 Kc7 69. Kb2 Kb7 70. Kb3 Kc7 71. Bb5 Kb6 72. Be8 Bf3 73. Bf7 Bg4 74. Kc3 Bf3 75. Be6 Bg4 76. Bd7 Kc7 77. Be8 Kb6 78. b5 Be2 79. Kb4 Bg4 80. Bg6 Bf3 81. Bxf5 1-0